Score 0/36 Timer 04:00
0 Plays Today
Hint Word % Correct
Dog vocalizationBARK
97.7%
♠ What a clock tells ♠TIME
97.2%
Peter Pan's nemesisHOOK
96.3%
Flooring squareTILE
95.2%
Bring water to 212 FBOIL
94.6%
♠ Rear side ♠BACK
94.1%
Receive grade below D-minusFAIL
93.3%
♠ Hader, Clinton, or Gates ♠BILL
93.2%
The ghettoHOOD
93.1%
Female horseMARE
93%
UncoveredBARE
92.9%
Medicinal tabletPILL
92.8%
Small bucketPAIL
92.3%
♠ Actor's part in a play ♠ROLE
92.2%
♠ Component of a sentence ♠WORD
92.1%
Hard, fibrous substance of treesWOOD
91.5%
♠ Reserve accommodations ♠BOOK
91.1%
Two of a kindPAIR
90.5%
Hint Word % Correct
To make dirtySOIL
90.2%
DomesticatedTAME
89.5%
Spiritual/immaterial part of a being SOUL
89.5%
Annoy or irritate someoneRILE
89.2%
♠ Of light complexion ♠FAIR
88.7%
Thin, flexible aluminum sheetFOIL
88.1%
♠ Disgusting in smell or taste ♠FOUL
88%
Funeral clothPALL
86.3%
Strong dark beer BOCK
86.2%
Cotton seed capsuleBOLL
85.5%
Turn over on an axisROLL
84.8%
♠ Spouse ♠MATE
83.8%
Manson victim SharonTATE
82.6%
Partridge treePEAR
81.3%
To disturb or agitateROIL
79.6%
Former Tonight Show host JackPAAR
75.4%
TN state univ. Austin ____PEAY
53.8%
♠♠ COMMON BOND ♠♠PLAY
45.6%

Today's Daily Dose

You're not logged in!

Compare scores with friends on all Sporcle quizzes.
OR
Log In

Sporcle TV

Today on Sporcle TV


Watch our educational content, quiz creation guides, and fun videos on Sporcle TV.

Show Comments

Extras

Top Quizzes Today


Score Distribution

Paid Content

Your Account Isn't Verified!

In order to create a playlist on Sporcle, you need to verify the email address you used during registration. Go to your Sporcle Settings to finish the process.

Report this User

Report this user for behavior that violates our Community Guidelines.

Details: